000 00429nam a2200181Ia 4500
001 9130
005 20260306160701.0
008 260306t1966||||xx |||||||||||||| ||spa||
041 _aESP
082 _a372.86
_bD283
100 _aDufresse, Marie,
_eAUT
245 0 _aLa gimnasia en el jardín de infantes
260 _c1966
300 _a84 páginas :
_c20 cm.
650 _aGEN
654 _aCED
942 _cLIB
_dJUS
_fJUS
_2ddc
_n
999 _c9130
_d9130